| 000 | 00489nam a2200169 i 4500 | ||
|---|---|---|---|
| 001 | 69134 | ||
| 003 | ES-MaACL | ||
| 005 | 20250920063045.0 | ||
| 007 | t| | ||
| 008 | 040914s1910 fr ||||1| fre d | ||
| 100 | 0 |
_aLeblanc, Maurice, _d1864-1941 _971022 |
|
| 245 | 1 | 0 |
_a"813" _b: [Arsène Lupin, nouvelles aventures] / _cpar Maurice Leblanc. |
| 260 |
_aParis : _bPierre Lafitte, _c[1910] |
||
| 300 |
_a344 p. ; _c19 cm. |
||
| 852 |
_aES-MaACL _jC-3561 |
||
| 999 |
_c69134 _d69134 |
||